| 000 | 00794cab a22002295a 4500 | ||
|---|---|---|---|
| 001 | L157758 | ||
| 008 | 130430e20130427xxk 000 0 eng d | ||
| 035 | _a(Sirsi) u157758 | ||
| 041 | 0 | _aeng | |
| 100 | 1 | _aPilkington, Lisa | |
| 245 | 0 | 0 |
_aFocus _bEast Midlands |
| 260 | _c2013 | ||
| 490 |
_aEstates Gazette _v(1317) 27 April 2013, 71-89(16) |
||
| 520 | _aIncludes information on industrial and office sectors; the value of historic findings to the economies of Leicester and Nottingham; discussion about the proposed HS2 high speed rail link and the latest developments in the residential sector. | ||
| 590 | _aKA | ||
| 651 | 4 | _aEast Midlands | |
| 690 |
_aCommercial property _96227 |
||
| 700 | 1 | _aNorwood, Graham | |
| 700 | 1 | _aThame, David | |
| 700 | 1 | _aSimmons, Mark | |
| 942 | _n0 | ||
| 999 |
_c84454 _d84454 |
||